00504nam a2200133 a 450000500170000000800410001702000180005805000230007624500450009926000400014430000090018450001660019365000110035920140412111426.0090629s19uu xx 00 eng d a81-7862-159-2 aTR(PS EbBe38 2003 aThe Bear and the bees and other stories. aNew Delhi :bSterling Press,c2003. a16p. aTitles: A monkey and a dolphin, Who will bell the cat?, A fox and a goat, Two goats, The bear and the bees, A fox and a stork, A lion and a rabbit, The two pots. aFables